<?xml version="1.0" encoding="UTF-8"?>
<record
    xmlns:xsi="http://www.w3.org/2001/XMLSchema-instance"
    xsi:schemaLocation="http://www.loc.gov/MARC21/slim http://www.loc.gov/standards/marcxml/schema/MARC21slim.xsd"
    xmlns="http://www.loc.gov/MARC21/slim">

  <leader>01124nam a22002777a 4500</leader>
  <datafield tag="999" ind1=" " ind2=" ">
    <subfield code="c">118142</subfield>
    <subfield code="d">118142</subfield>
  </datafield>
  <controlfield tag="003">dpl</controlfield>
  <controlfield tag="005">20181016132024.0</controlfield>
  <controlfield tag="008">181016b           ||||| |||| 00| 0 eng d</controlfield>
  <datafield tag="010" ind1=" " ind2=" ">
    <subfield code="a">B-180650</subfield>
  </datafield>
  <datafield tag="020" ind1=" " ind2=" ">
    <subfield code="c">90.00</subfield>
    <subfield code="a">8126311347</subfield>
  </datafield>
  <datafield tag="035" ind1=" " ind2=" ">
    <subfield code="a">B-180650</subfield>
  </datafield>
  <datafield tag="037" ind1=" " ind2=" ">
    <subfield code="b">BPPD/PUB</subfield>
  </datafield>
  <datafield tag="040" ind1=" " ind2=" ">
    <subfield code="a">DPL</subfield>
    <subfield code="b">HN</subfield>
    <subfield code="c">0</subfield>
  </datafield>
  <datafield tag="082" ind1=" " ind2=" ">
    <subfield code="a">&#x909; </subfield>
    <subfield code="b">&#x930;&#x93E;&#x918;&#x935; </subfield>
  </datafield>
  <datafield tag="100" ind1=" " ind2=" ">
    <subfield code="a">&#x930;&#x93E;&#x918;&#x935;, &#x930;&#x93E;&#x902;&#x917;&#x947;&#x92F; </subfield>
    <subfield code="9">78538</subfield>
  </datafield>
  <datafield tag="245" ind1=" " ind2=" ">
    <subfield code="a">&#x930;&#x93E;&#x939; &#x928; &#x930;&#x941;&#x915;&#x940;   /</subfield>
    <subfield code="c">&#x930;&#x93E;&#x902;&#x917;&#x947;&#x92F; &#x930;&#x93E;&#x918;&#x935;</subfield>
  </datafield>
  <datafield tag="246" ind1=" " ind2=" ">
    <subfield code="a">Rah na ruki </subfield>
    <subfield code="b">by Rangey Raghav </subfield>
  </datafield>
  <datafield tag="260" ind1=" " ind2=" ">
    <subfield code="a">&#x928;&#x908; &#x926;&#x93F;&#x932;&#x94D;&#x932;&#x940; </subfield>
    <subfield code="b">&#x92D;&#x93E;&#x930;&#x924;&#x940;&#x92F; &#x91C;&#x94D;&#x91E;&#x93E;&#x928;&#x92A;&#x940;&#x920;  &#x92A;&#x94D;&#x930;&#x915;&#x93E;&#x936;&#x928; </subfield>
    <subfield code="c">2005</subfield>
  </datafield>
  <datafield tag="270" ind1=" " ind2=" ">
    <subfield code="a">18,&#x907;&#x902;&#x921;&#x938;&#x94D;&#x91F;&#x94D;&#x930;&#x93F;&#x92F;&#x932; &#x90F;&#x930;&#x93F;&#x92F;&#x93E; &#x932;&#x94B;&#x927;&#x940; &#x930;&#x94B;&#x921; </subfield>
    <subfield code="b">&#x928;&#x908;  &#x926;&#x93F;&#x932;&#x94D;&#x932;&#x940; </subfield>
    <subfield code="e">110003</subfield>
  </datafield>
  <datafield tag="300" ind1=" " ind2=" ">
    <subfield code="a">120&#x92A;&#x943;&#x937;&#x94D;&#x920;. </subfield>
    <subfield code="c">21&#x938;&#x947;&#x92E;&#x940;(&#x938;&#x91C;&#x93F;&#x932;&#x94D;&#x926;)</subfield>
  </datafield>
  <datafield tag="650" ind1=" " ind2=" ">
    <subfield code="a">&#x939;&#x93F;&#x902;&#x926;&#x940; &#x938;&#x93E;&#x939;&#x93F;&#x924;&#x94D;&#x92F; </subfield>
    <subfield code="9">78539</subfield>
  </datafield>
  <datafield tag="650" ind1=" " ind2=" ">
    <subfield code="a">&#x910;&#x924;&#x93F;&#x939;&#x93E;&#x938;&#x93F;&#x915; -  &#x939;&#x93F;&#x902;&#x926;&#x940;  &#x909;&#x92A;&#x928;&#x94D;&#x92F;&#x93E;&#x938;</subfield>
    <subfield code="9">1531</subfield>
  </datafield>
  <datafield tag="650" ind1=" " ind2=" ">
    <subfield code="a">hindi Literature</subfield>
    <subfield code="9">78540</subfield>
  </datafield>
  <datafield tag="650" ind1=" " ind2=" ">
    <subfield code="a">Historical - Hindi fiction</subfield>
    <subfield code="9">78541</subfield>
  </datafield>
  <datafield tag="942" ind1=" " ind2=" ">
    <subfield code="2">ddc</subfield>
    <subfield code="c">HN</subfield>
    <subfield code="h">&#x909; </subfield>
    <subfield code="m">&#x930;&#x93E;&#x918;&#x935; </subfield>
  </datafield>
  <datafield tag="952" ind1=" " ind2=" ">
    <subfield code="0">0</subfield>
    <subfield code="1">0</subfield>
    <subfield code="4">0</subfield>
    <subfield code="7">0</subfield>
    <subfield code="a">L</subfield>
    <subfield code="b">L</subfield>
    <subfield code="d">2015-09-10</subfield>
    <subfield code="e">Cen Lib /Ret</subfield>
    <subfield code="g">90.00</subfield>
    <subfield code="l">1</subfield>
    <subfield code="o">&#x909;  &#x930;&#x93E;&#x918;&#x935;</subfield>
    <subfield code="p">B-180646</subfield>
    <subfield code="r">2019-05-22 00:00:00</subfield>
    <subfield code="s">2019-05-09</subfield>
    <subfield code="t">1</subfield>
    <subfield code="v">90.00</subfield>
    <subfield code="w">2015-09-10</subfield>
    <subfield code="y">HN</subfield>
  </datafield>
</record>
